00418nam a2200157Ia 450000500170000000800410001704000190005804100120007708200150008910000240010424500320012826000370016030000180019770000350021585000100025020230111113418.0131103s9999 xx 000 0 und d aLoreto College aEnglish a814.3bEME aEmerson,Ralph Waldo aEssayscRalph Waldo Emerson aNew YorkbCarton Housec[19 - ?] axxiii,438 p.  aAmerican Essays - 19th Century aLCLIB